000 00844nam a2200253Ia 4500
003 OSt
005 20220930092104.0
006 a|||||r|||| 00| 0
007 ta
008 220926b |||||||| |||| 00| 0 eng d
024 _a12224
037 _cTheses
040 _aCRL
_cCRL
_beng
041 _2eng
_aeng
100 _aShikha Gautam
_9539977
110 _aUniversity of Delhi. Faculty of Medical Science. Department of Community Medicine
_9543566
245 0 _aRisk factor for development of hepatocellular carcinoma
_b A case control study
260 _c2014
650 _aCOMMUNITY HEALTH SERVICES
700 _a Agarwal Kamal Gu.
_9547668
700 _aUniversity of Delhi. Faculty of Medical Science. Department of Community Medicine
_9543568
942 _cDIS
_2CC
999 _c883179
_d883179